Statistics for Roman gods and their Greek names

Click here to take the quiz!

General Stats

  • This quiz has been taken 53 times
  • The average score is 13 of 17

Answer Stats

HintAnswer% Correct
JupiterZeus
94%
JunoHera
88%
VenusAphrodite
85%
BacchusDionysus
85%
NeptunePoseidon
85%
Plutohades
82%
ProserpinePersephone
82%
ApolloApollo
79%
MarsAres
79%
SaturnCronos
79%
MinervaAthena
76%
CeresDemeter
76%
CupidEros
76%
DianaArtemis
70%
GaeaGaia
70%
MercuryHermes
67%
VulcanHephaistos
45%

Score Distribution

Percentile by Number Answered

Percent of People with Each Score

Your Score History

You have not taken this quiz